00918cam a22002531 450000100060000000300080000600500170001400800410003103500190007203500180009104000410010904100080015008200210015810000290017924500860020826000390029430000290033350400200036265000440038270000610042694200120048799900170049995201480051629643BD-RjUL20211209051435.0140406t1953 nyua 001 0 eng d a(BD-RjUL)29728 a(OCoLC)191094 aDLCcODaWUdOCoLCdDLCdBD-RjULbeng aeng04a150.69bDAP 19531 aDaniel, Robert S.99031110aProfessional problems in psychology /c[by] Robert S. Daniel [and] C. M. Louttit. aNew York :bPrentice-Hall,cc1953. a416 p. :bill. ;c23 cm. aincludes index. 0aPsychologyxVocational guidance.9895101 aLouttit, Chauncey McKinley,d1901-ejoint author.990312 2ddccBK c29643d29643 00102ddc40708NFICaRUCLbRUCLcReadingd1959-01-06eDirector of Ideal academyl0o150.69 DAP 1953r2014-04-06 00:00:00tC-1w2021-12-09yBK